| 000 | 00000nam 2200000zi 4500 |
| 001 | 9.947208 |
| 003 | CaOODSP |
| 005 | 20250324131008 |
| 006 | m go d f |
| 007 | cr |n||||||||| |
| 008 | 250121e19910831onc ob f000 0 eng d |
| 040 | |aCaOODSP|beng|erda|cCaOODSP |
| 041 | |aeng|bfre |
| 043 | |an-cn--- |
| 086 | 1 |aCo24-3/12-3-1991E-PDF |
| 245 | 00|aInternational relations program and related activities : |bDepartment of Communications. |
| 246 | 34|aInternational relations program : |bintegrated report : evaluation report |
| 246 | 37|aIntegrated program evaluation report : |binternational relations program |
| 264 | 1|a[Ottawa] : |bGovernment of Canada, Department of Communications = Gouvernement du Canada, Ministère des Communications, |cAugust 31, 1991. |
| 300 | |a1 online resource (xii, 74 pages) |
| 336 | |atext|btxt|2rdacontent |
| 337 | |acomputer|bc|2rdamedia |
| 338 | |aonline resource|bcr|2rdacarrier |
| 490 | 1 |aEvaluation report = Rapport d'évaluation ; |v[3] |
| 500 | |aDigitized copy from print [produced by Innovation, Science and Economic Development Canada]. |
| 500 | |a"DOC program evaluation series." |
| 504 | |aIncludes bibliographical references. |
| 546 | |aIncludes summary in French. |
| 610 | 10|aCanada. |bDepartment of Communications. |
| 610 | 16|aCanada. |bMinistère des communications. |
| 650 | 0|aInternational relations. |
| 650 | 6|aRelations internationales. |
| 710 | 1 |aCanada. |bDepartment of Communications, |eissuing body. |
| 830 | #0|aEvaluation report = Rapport d'évaluation ;|v[3]|w(CaOODSP)9.947045 |
| 856 | 40|qPDF|s1.66 MB|uhttps://publications.gc.ca/collections/collection_2025/isde-ised/co24/Co24-3-12-3-1991-eng.pdf |